000 00827cab a2200193 4500
001 X95362
008 090401t1998 xxu||||| |||| 00| 0 eng d
035 _a(Sirsi) u90016
041 _aeng
245 _aLandlord and tenant - brewery tie
260 _c1998
350 _a0
490 _aEstates Gazette Case Summaries
_v[1998] EGCS 167, (2) (28/11/98)
520 _aInntrepreneur Pub Co (CPC) Ltd v Price ChD 18 November 1998. Lease of public house providing for additional rent review on landlord releasing tenant from brewery tie - likewise on tie becoming unenforceable - whether revie provision would be rendered inoperal in event of tie infringing EC competion rules.
650 _aINNTREPRENEUR PUB CO (CPC) LTD V PRICE
690 _aLANDLORD AND TENANT-CASE LAW-RENT REVIEW
942 _n0
948 _c30/11/1998
999 _c56999
_d56999